00433pab a2200145 454500008004000000100002100040245008100061260000900142300001400151362001200165650002700177650001900204700001700223773004700240180718b2002 xxu||||| |||| 00| 0 eng d aRavichandran, M. aEconomic and environmental status of drinking water provision in rural India c2002 ap.170-98. aJul-Dec aDrinking water - India aDrinking water aBoopathi, S. aJournal of Social and Economic Development